Financial accounting techniques: a practical approach (Record no. 150867)

MARC details
000 -LEADER
fixed length control field 00395nam a2200145Ia 4500
008 - FIXED-LENGTH DATA ELEMENTS--GENERAL INFORMATION
fixed length control field 161229s9999 xx 000 0 und d
020 ## - INTERNATIONAL STANDARD BOOK NUMBER
International Standard Book Number 0039106381
082 ## - DEWEY DECIMAL CLASSIFICATION NUMBER
Classification number 657.48 PIZ/FI
100 ## - MAIN ENTRY--PERSONAL NAME
Personal name Pizzey, Alan
245 ## - TITLE STATEMENT
Title Financial accounting techniques: a practical approach
260 ## - PUBLICATION, DISTRIBUTION, ETC. (IMPRINT)
Name of publisher, distributor, etc. English Language Book Society
Date of publication, distribution, etc. 1982
300 ## - PHYSICAL DESCRIPTION
Extent xiii, 418
700 ## - ADDED ENTRY--PERSONAL NAME
Personal name Jennings, Alan
942 ## - ADDED ENTRY ELEMENTS (KOHA)
Koha item type Books (General)
Holdings
Withdrawn status Lost status Damaged status Not for loan Home library Current library Date acquired Total Checkouts Full call number Barcode Date last seen Price effective from Koha item type Public note
        KAU Central Library, Thrissur KAU Central Library, Thrissur 29/12/2016   657.48 PIZ/FI 902176 29/12/2016 29/12/2016 Books (General) Book transferred from CCBM Library ,Acc.No:492
Kerala Agricultural University Central Library
Thrissur-(Dt.), Kerala Pin:- 680656, India
Ph : (+91)(487) 2372219
E-mail: librarian@kau.in
Website: http://library.kau.in/